000 01109nam a2200241Ia 4500
003 Ost
005 20260507075521.0
008 260507s9999||||xx |||||||||||||| ||und||
020 _a9961009681
040 _cfsecg
041 _aara
082 _a350
100 _aالطيب، محمد رفيق
_eمؤلف
245 0 _a مدخل للتسيير أساسيات،وظائف،تقنيات :
_bالتسيير والتنظيم والمنشأة (ج1) /
_c محمد رفيق الطيب
250 _aطبعة 2
260 _aالجزائر:
_bديوان المطبوعات الجامعية,
_c2006
300 _a221 صفحة؛
_bإيضاحات ؛
_c22 سم
504 _aببليوغرافيا:ص.221
520 _aأساسيات عن التسيير والتنظيم والمنشأة،التعريف بالتسيير وبطبيعة عمل المسير،التنظيم التقليدي،نقد التنظيم التقليدي،والإتجاهات الحديثة،الهيكلة الوظائفيةلمنشأة الأعمال
653 _aالإدارة
653 _aالتنظيم
942 _cكتاب
999 _c44774
_d44774